Every Song by AC/DC - Statistics

General Stats
  • This quiz has been taken 85 times
    71 since last reset
  • The average score is 33 of 187
Answer Stats
Hint Answer % Correct
T.N.T.(1975) T.N.T.
95%
Back in Black(1980) Back in Black
86%
Highway to Hell(1979) Highway to Hell
81%
Dirty Deeds Done Dirt Cheap(1976) Dirty Deeds Done Dirt Cheap
79%
T.N.T.(1975) High Voltage
72%
The Razors Edge(1990) Thunderstruck
72%
Who Made Who(1986) Who Made Who
67%
For Those About to Rock We Salute You(1981) For Those About to Rock (We Salute You)
65%
Back in Black(1980) You Shook Me All Night Long
65%
Back in Black(1980) Hells Bells
63%
Let There Be Rock(1977) Let There Be Rock
63%
Ballbreaker(1995) Ballbreaker
53%
Black Ice(2008) Black Ice
53%
Stiff Upper Lip(2000) Stiff Upper Lip
53%
Back in Black(1980) Shoot to Thrill
51%
T.N.T.(1975) It's a Long Way to the Top (If You Wanna Rock 'n' Roll)
49%
Rock or Bust(2014) Rock or Bust
49%
Let There Be Rock(1977) Whole Lotta Rosie
47%
Flick of the Switch(1983) Flick of the Switch
44%
The Razors Edge(1990) The Razors Edge
44%
Dirty Deeds Done Dirt Cheap(1976) Big Balls
42%
Fly on the Wall(1985) Fly on the Wall
42%
Black Ice(2008) Rock 'n' Roll Train
37%
Back in Black(1980) Rock and Roll Ain't Noise Pollution
33%
AC/DC Live(1992) Moneytalks
30%
T.N.T.(1975) The Jack
30%
Highway to Hell(1979) Girls Got Rhythm
28%
Dirty Deeds Done Dirt Cheap(1976) Jailbreak
28%
Highway to Hell(1979) If You Want Blood (You've Got It)
26%
Highway to Hell(1979) Night Prowler
26%
High Voltage(1975) She's Got Balls
26%
Highway to Hell(1979) Walk All Over You
26%
Backtracks(2009) Big Gun
21%
Let There Be Rock(1977) Dog Eat Dog
21%
Back in Black(1980) Given the Dog a Bone
21%
Back in Black(1980) Have a Drink on Me
21%
Rock or Bust(2014) Play Ball
21%
Powerage(1978) Riff Raff
21%
T.N.T.(1975) Rocker
21%
PWRϟUP(2020) Shot in the Dark
21%
Highway to Hell(1979) Touch Too Much
21%
Dirty Deeds Done Dirt Cheap(1976) Ain't No Fun (Waiting Around to Be a Millionaire)
19%
The Razors Edge(1990) Are You Ready
19%
T.N.T.(1975) Can I Sit Next to You Girl
19%
Let There Be Rock(1977) Hell Ain't a Bad Place to Be
19%
Back in Black(1980) Let Me Put My Love into You
19%
T.N.T.(1975) Live Wire
19%
Dirty Deeds Done Dirt Cheap(1976) Problem Child
19%
Dirty Deeds Done Dirt Cheap(1976) Ride On
19%
Powerage(1978) Rock 'n' Roll Damnation
19%
Highway to Hell(1979) Shot Down in Flames
19%
Back in Black(1980) What Do You Do for Money Honey
19%
Let There Be Rock(1977) Bad Boy Boogie
16%
Ballbreaker(1995) Hard as a Rock
16%
Blow Up Your Video(1988) Heatseeker
16%
High Voltage(1975) Little Lover
16%
High Voltage(1975) Love Song (Oh Jene)
16%
High Voltage(1975) Show Business
16%
Fly on the Wall(1985) Sink the Pink
16%
High Voltage(1975) Soul Stripper
16%
Black Ice(2008) War Machine
16%
High Voltage(1975) You Ain't Got a Hold on Me
16%
Black Ice(2008) Anything Goes
14%
Powerage(1978) Down Payment Blues
14%
Who Made Who(1986) D.T.
14%
Powerage(1978) Gone Shootin'
14%
Let There Be Rock(1977) Overdose
14%
Rock or Bust(2014) Rock the Blues Away
14%
Stiff Upper Lip(2000) Safe in New York City
14%
Back in Black(1980) Shake a Leg
14%
Fly on the Wall(1985) Shake your Foundations
14%
Powerage(1978) Sin City
14%
High Voltage(1975) Stick Around
14%
Dirty Deeds Done Dirt Cheap(1976) There's Gonna Be Some Rockin'
14%
Highway to Hell(1979) Beating Around the Bush
12%
Flick of the Switch(1983) Bedlam in Belgium
12%
Black Ice(2008) Big Jack
12%
Who Made Who(1986) Chase the Ace
12%
Powerage(Bonus)(1978) Cold Hearted Man
12%
Ballbreaker(1995) Cover You in Oil
12%
PWRϟUP(2020) Demon Fire
12%
Powerage(1978) Gimme a Bullet
12%
Let There Be Rock(1977) Go Down
12%
Flick of the Switch(1983) Guns for Hire
12%
For Those About to Rock We Salute You(1981) Let's Get It Up
12%
The Razors Edge(1990) Mistress for Christmas
12%
PWRϟUP(2020) Realize
12%
Dirty Deeds Done Dirt Cheap(1976) R.I.P. (Rock in Peace)
12%
Stiff Upper Lip(2000) Satellite Blues
12%
Dirty Deeds Done Dirt Cheap(1976) Squealer
12%
Blow Up Your Video(1988) That's the Way I Wanna Rock 'n' Roll
12%
Powerage(1978) Up to My Neck in You
12%
Powerage(1978) What's Next to the Moon
12%
Ballbreaker(1995) Whiskey on the Rocks
12%
PWRϟUP(2020) Witch's Spell
12%
Ballbreaker(1995) Boogie Man
9%
Ballbreaker(1995) Burnin' Alive
9%
Backtracks(2009) Carry Me Home
9%
Ballbreaker(1995) Caught with Your Pants Down
9%
For Those About to Rock We Salute You(1981) C.O.D.
9%
PWRϟUP(2020) Code Red
9%
Let There Be Rock(1977) Crabsody in Blue
9%
Fly on the Wall(1985) Danger
9%
Black Ice(2008) Decibel
9%
The Razors Edge(1990) Fire Your Guns
9%
Blow Up Your Video(1988) Go Zone
9%
Ballbreaker(1995) Hail Ceasar
9%
Fly on the Wall(1985) Hell or High Water
9%
For Those About to Rock We Salute You(1981) Inject the Venom
9%
Powerage(1978) Kicked in the Teeth
9%
PWRϟUP(2020) Kick You When You're Down
9%
Blow Up Your Video(1988) Kissin' Dynamite
9%
Dirty Deeds Done Dirt Cheap(Bonus)(1976) Love at First Feel
9%
Ballbreaker(1995) Love Bomb
9%
Highway to Hell(1979) Love Hungry Man
9%
Blow Up Your Video(1988) Meanstreak
9%
Stiff Upper Lip(2000) Meltdown
9%
Black Ice(2008) Money Made
9%
Flick of the Switch(1983) Nervous Shakedown
9%
Blow Up Your Video(1988) Nick of Time
9%
For Those About to Rock We Salute You(1981) Night of the Long Knives
9%
Fly on the Wall(1985) Playing with Girls
9%
PWRϟUP(2020) Rejection
9%
Flick of the Switch(1983) Rising Power
9%
Black Ice(2008) Rocking All the Way
9%
Black Ice(2008) Rock 'n' Roll Dream
9%
Black Ice(2008) She Likes Rock 'n' Roll
9%
Black Ice(2008) Skies on Fire
9%
Black Ice(2008) Smash 'n' Grab
9%
Black Ice(2008) Spoilin' for a Fight
9%
Black Ice(2008) Stormy May Day
9%
PWRϟUP(2020) Systems Down
9%
Ballbreaker(1995) The Furor
9%
Ballbreaker(1995) The Honey Roll
9%
Blow Up Your Video(1988) This Means War
9%
PWRϟUP(2020) Through the Mists of Time
9%
Blow Up Your Video(1988) Two's Up
9%
Black Ice(2008) Wheels
9%
Stiff Upper Lip(2000) All Screwed Up
7%
Fly on the Wall(1985) Back in Business
7%
Rock or Bust(2014) Baptism of Fire
7%
Backtracks(2009) Borrowed Time
7%
Flick of the Switch(1983) Brain Shake
7%
For Those About to Rock We Salute You(1981) Breaking the Rules
7%
Stiff Upper Lip(2000) Can't Stop Rock 'n' Roll
7%
Stiff Upper Lip(Bonus)(2000) Cyberspace
7%
Stiff Upper Lip(2000) Damned
7%
Flick of the Switch(1983) Deep in the Hole
7%
Rock or Bust(2014) Dogs of War
7%
Backtracks(2009) Down on the Borderline
7%
For Those About to Rock We Salute You(1981) Evil Walks
7%
Backtracks(2009) Fling Thing
7%
The Razors Edge(1990) Goodbye & Good Riddance to Bad Luck
7%
Rock or Bust(2014) Got Some Rock & Roll Thunder
7%
The Razors Edge(1990) Got You by the Balls
7%
Rock or Bust(2014) Hard Times
7%
Stiff Upper Lip(2000) House of Jazz
7%
The Razors Edge(1990) If You Dare
7%
Flick of the Switch(1983) Landslide
7%
The Razors Edge(1990) Let's Make It
7%
Rock or Bust(2014) Miss Adventure
7%
PWRϟUP(2020) Money Shot
7%
PWRϟUP(2020) No Man's Land
7%
For Those About to Rock We Salute You(1981) Put the Finger on You
7%
T.N.T.(1975) Rock 'n' Roll Stinger
7%
Rock or Bust(2014) Rock the House
7%
The Razors Edge(1990) Rock Your Heart Out
7%
Blow Up Your Video(1988) Ruff Stuff
7%
The Razors Edge(1990) Shot of Love
7%
Backtracks(2009) Snake Eye
7%
For Those About to Rock We Salute You(1981) Snowballed
7%
For Those About to Rock We Salute You(1981) Spellbound
7%
Rock or Bust(2014) Sweet Candy
7%
Flick of the Switch(1983) This House is on Fire
7%
Flick of the Switch(1983) Badlands
5%
Stiff Upper Lip(2000) Can't Stand Still
5%
Stiff Upper Lip(2000) Come and Get It
5%
Rock or Bust(2014) Emission Control
5%
Fly on the Wall(1985) First Blood
5%
Stiff Upper Lip(2000) Give It Up
5%
Stiff Upper Lip(2000) Hold Me Back
5%
Fly on the Wall(1985) Send for the Man
5%
Blow Up Your Video(1988) Some Sin for Nuthin'
5%
Fly on the Wall(1985) Stand Up
5%
PWRϟUP(2020) Wild Reputation
5%
Highway to Hell(1979) Get It Out
2%
The Razors Edge(1990) Monkeytalks
2%
No matching quizzes found
Score Distribution
Percent of People with Each Score
Percentile by Number Answered
Your Score History
You have not taken this quiz since the last reset